000 01139nam a2200349 a 4500
003 AR-BaBNM
005 20251128210951.0
008 082120s2002 ||||||||||||||000 | spa||
020 _a987-9452-37-2
040 _cAR-BaBNM
245 1 0 _aElementos de narrativa, lingüística textual y gramática
250 _a2ª ed. aum. y corr.
260 _aCórdoba
_bBrujas
_c2001
300 _a2 v.
_bgráfs., tablas
500 _aEn la elaboración del presente material participaron: Paulina Brunetti, Patricia García Gómez y Norma Fatala
500 _aManual de Catedra de Taller de Lenguaje I y Producción Gráfica
504 _aContiene bibliografía p. 215-217
610 2 4 _aUniversidad Nacional de Córdoba [Argentina]
650 4 _aLINGÜISTICA
650 4 _aSEMANTICA
650 4 _aGRAMATICA ESTRUCTURAL
650 4 _aSINTAXIS
650 4 _aLENGUAJE
650 4 _aNARRACION
650 4 _aACTIVIDADES DE APRENDIZAJE
653 _aGRAMATICA TEXTUAL
653 _aTIPOS DE TEXTOS
653 _aTIPOS DE PALABRAS
653 _aEDUCACION SUPERIOR
700 1 _aVilla, Miriam Eugenia
_ecoordinador
942 _cBK
999 _c17676
_d17676